Geleceğiz (Kayıt no. 11816)

MARC ayrıntıları
000 -BAŞLIK
Sabit Uzunlukta Kontrol Alanı 00755na a2200253 4500
001 - KONTROL NUMARASI
Denetim Alanı 24445
003 - KONTROL NUMARASI IDENTIFIER
Denetim Alanı MIRAKIL
005 - SON İŞLEM TARİHİ VE ZAMANI
Denetim Alanı 20181226104235.0
008 - SABİT-BOY VERİ ELEMANLARI - GENEL BİLGİLER
Sabit Uzunlukta Kontrol Alanı 181018b tu 000 0
041 ## - DİL KODU
Metin / Ses Parça Veya Ayrı Başlığın Dil Kodu tur
082 ## - DEWEY ONLU SINIFLANDIRMA NUMARASI
Sınıflandırma Numarası 320.9561
Ürün Numarası T97g 2013
090 ## - SINIFLAMA NUMARASI
Sınıflama Numarası 320.9561 T97g 2013
100 ## - ANA GİRİŞ - KİŞİSEL İSİM
Kişisel Ad Tüteloğlu, Şükrü Yalnız
245 ## - BAŞLIK TABLOSU
Başlık Geleceğiz
Başlığın Kalan Türk siyasetinde yolun sonu
Sorumluluk Tablosu, Vb Şükrü Yalnız Tüteloğlu
246 ## - UNVAN FORM VARYING
Başlık Doğru / Kısa Başlığı Türk siyasetinde yolun sonu
260 ## - YAYIN, DAĞITIM, VB
Yayın, Dağıtım, Vb Yeri Ankara
Yayıncı, Dağıtıcı, Vs Adı [yayl.y.]
Yayın, Dağıtım, Vb Tarihi 2013
300 ## - FİZİKSEL TANIM
Kapsam 144 s.
Boyutlar 21 sm.
500 ## - GENEL NOT
Genel Not Yapıt yazarından imzalıdır.
650 ## - KONU KATMA GİRİŞ - TOPİKAL DÖNEM
Topikal Süreli Veya Coğrafi Ad Giriş Elemanı Siyaset ve yönetim
Genel Alt Bölümü Türkiye
650 ## - KONU KATMA GİRİŞ - TOPİKAL DÖNEM
Topikal Süreli Veya Coğrafi Ad Giriş Elemanı Sol ideoloji
Genel Alt Bölümü Türkiye
740 ## - KATMA GİRİŞ - KONTROLSUZ İLGİLİ / ANALİTİK BAŞLIK
Kontrol Edilmeyen / İlgili Analitik Başlıktaki Türk siyasetinde yolun sonu
942 ## - EKLENDİ GİRİŞ ELEMANLARI (KOHA)
Sınıflandırma Veya Raf Düzeni Kaynak Dewey Decimal Classification
Koha Öğesi Türü Kitaplar
040 ## - KATALOGLAMA KAYNAK
Orijinal Kataloglama Ajansı Milas
Kataloglama Dili tur
Metne Dönüştürmek Ajansı TR-AnCHP
999 ## - SİSTEM KONTROL NUMARALARI (KOHA)
Koha Biblionumber 11816
Koha Biblioitemnumber 11816
Mevcut
Kullanım Kısıtlamaları Kalıcı Konum Mevcut Konum Edinme Tarihi Toplam Check-Out'Lar Tam Çağrı Numarası Barkod Tarih Son Görülme İtibaren Geçerli Fiyatlar Sigara Kamu Notu Koha Öğesi Türü
  Parti Okulu Kütüphanesi Parti Okulu Kütüphanesi 10/18/2018   320.9561 T97g 2013 P00216 10/18/2018 10/18/2018 Kitaplar